• 首页
  • 本馆介绍
  • 公告通知
  • 最新文献
  • 馆藏检索
  • 电子资源
  • 读者导购
  • 参考咨询
  • 我的图书馆
  • 登录
  • 详细信息显示
  • 放入我的书架
  • 预约/预借图书
  • 作者相关作品
  • 分类相关作品
  • 丛书相关作品
  • 出版社相关作品

书目信息

  • 表格格式
  • 工作单格式
  • 卡片格式
题名:
广播电视基础知识
    
 
作者: 王蓓 主编 ;方华 编写 ;广播影视业务教育培训丛书编写组 编
分册:  
出版信息: 北京   中国国际广播出版社  2018
页数: [29], 275页
开本: 23cm
丛书名: 广播影视业务教育培训丛书
单 册:
中图分类: G220 , G229.2
科图分类:
主题词: 广播工作--guang bo gong zuo--基本知识--业务培训--中国--2018-2019--教材 , 电视工作--dian shi gong zuo--基本知识--业务培训--中国--2018-2019--教材
电子资源:
ISBN: 978-7-5078-4330-9
000 01233nam 2200313 45
001 012001003900
005 20131014162041.0
010    @a978-7-5078-4330-9@dCNY50.00
099    @aCAL 012019063017
100    @a20181127d2018 em y0chiy50 ea
101 0  @achi
102    @aCN@b110000
105    @ay z 000yy
106    @ar
200 1  @a广播电视基础知识@Aguang bo dian shi ji chu zhi shi@d= Broadcasting & television@e2018-2019@f主编王蓓@g广播影视业务教育培训丛书编写组编@g编写方华 ... [等]@zeng
210    @a北京@c中国国际广播出版社@d2018
215    @a[29], 275页@d23cm
225 2  @a广播影视业务教育培训丛书@Aguang bo ying shi ye wu jiao yu pei xun cong shu
410  0 @12001 @a广播影视业务教育培训丛书
510 1  @aBroadcasting & television@zeng
606 0  @a广播工作@Aguang bo gong zuo@x基本知识@x业务培训@y中国@z2018-2019@j教材
606 0  @a电视工作@Adian shi gong zuo@x基本知识@x业务培训@y中国@z2018-2019@j教材
690    @aG220@v5
690    @aG229.2@v5
701  0 @a王蓓@Awang bei@4主编
702  0 @a方华@Afang hua@4编写
712 02 @a广播影视业务教育培训丛书编写组@Aguang bo ying shi ye wu jiao yu pei xun cong shu bian xie zu@4编
801    @b江苏凤凰@c20191020
905    @b1234263-8@dG220@e241@f6
    
    广播电视基础知识= Broadcasting & television:2018-2019/主编王蓓/广播影视业务教育培训丛书编写组编/编写方华 ... [等].-北京:中国国际广播出版社,2018
    [29], 275页;23cm.-(广播影视业务教育培训丛书)
    
    
    ISBN 978-7-5078-4330-9:CNY50.00
    
●
相关链接 在E读中查询图书 在五车中查询图书 在当当中查询图书 在豆瓣中查询图书


正题名:广播电视基础知识     索取号:G220/241         预约/预借

序号 登录号 条形码 馆藏地/架位号 状态 备注
1 1234263   212342632   第一样本阅览室/ [索取号:G220/241] 在馆    
2 1234264   212342641   第四借阅区/ [索取号:G220/241] 在馆    
3 1234265   212342650   第四借阅区/ [索取号:G220/241] 在馆    
4 1234266   212342669   教育系资料室/ [索取号:G220/241] 在馆    
5 1234267   212342678   教育系资料室/ [索取号:G220/241] 在馆    
6 1234268   212342687   教育系资料室/ [索取号:G220/241] 在馆    
唐山师范学院图书馆 欢迎您!
大连网信软件有限公司© 版权所有